| 000 | 00825nam0a22002651 4500 | ||
|---|---|---|---|
| 001 | v19\rc\1650667 | ||
| 005 | 20250619003015.0 | ||
| 035 | _a(NLR Aleph) 004762014 | ||
| 090 |
_a4587556 _c4587556 |
||
| 100 | _a20061002d1901 |||y0rusy50 ca | ||
| 101 | 0 | _arus | |
| 102 | _aRU | ||
| 105 | _aa z ||||| | ||
| 200 | 1 |
_aСказка о двух елках _f[Соч.] А.Н. Сальникова |
|
| 210 |
_aМосква _cА.Я. Панафидин _d1901 |
||
| 215 |
_a36 с. _cил. _d15 |
||
| 300 | _aНа обл. авт. не указан | ||
| 700 | 1 |
_aСальников _bА.Н. _f1851-1909 _gАлександр Николаевич |
|
| 801 | 0 |
_aRU _bNLR _gpsbo |
|
| 801 | 0 |
_aRU _bRuMoRGB _2psbo |
|
| 801 | 1 |
_aRU _bProSoft-M _2rusmarc |
|
| 852 |
_aNLR _j20.59.8.238 |
||
| 899 |
_aRuMoRGB _jO 25/750 |
||
| 942 | _cBOOK | ||
| 980 | _aNB | ||